| 000 | 01042nam a2200349 a 4500 | ||
|---|---|---|---|
| 001 | 38339 | ||
| 003 | AR-BaAGN | ||
| 007 | ta | ||
| 008 | 220625s19uu xx |||||r|||| ||||||spa d | ||
| 040 |
_dAR-BaAGN _aAR-BaAGN _bspa _eaacr |
||
| 110 | 1 |
_aArgentina. _bSecretaría de Cultura |
|
| 245 | 1 | 0 |
_aEl vuelo del cóndor : _bFuerza Aérea Argentina : 1912-2012 cien años protegiendo nuestro cielo |
| 260 |
_a[Lugar de publicación no identificado] : _bManrique Zago, _c[19--?] |
||
| 300 | _a247 páginas | ||
| 600 | 1 | 4 | _aFABRICA ARGENTINA de AVIONE |
| 610 | 1 | 4 | _aALUAR |
| 610 | 1 | 4 |
_aFuerza Aérea Argentina _92914 |
| 610 | 1 | 4 | _aLADE |
| 651 | 4 |
_aAntártida Argentina _95918 |
|
| 651 | 4 |
_aIslas Malvinas _93847 |
|
| 700 | 1 |
_aAranda Durañona, Oscar Luis _epbd |
|
| 942 | _cLIBRO | ||
| 999 |
_c38339 _d38339 |
||
| 005 | 20231114133531.0 | ||
| 336 |
_2rdacontent _btxt |
||
| 337 |
_2rdamedia _bn |
||
| 338 |
_2rdacarrier _bnc |
||